| 000 | 00713nam a2200229 a 4500 | ||
|---|---|---|---|
| 001 | 000019435 | ||
| 005 | 20200929170022.0 | ||
| 008 | 100629s2003 sp ac 000 0 spa d | ||
| 020 | _a8484038521 | ||
| 040 |
_aDO-SdBNP _bspa _cBNPHU |
||
| 082 |
_a925.2 _bC782Y |
||
| 100 | 1 |
_aYáñez Solana, Manuel _941719 |
|
| 245 | 1 | 0 |
_aCopérnico / _cManuel Yáñez Solana. |
| 260 |
_aMadrid : _bEdimat Libros, _c2003. |
||
| 300 |
_a192 p. : _bil. ; retrs. ; _c22 cm. |
||
| 490 | 1 | _aGrandes biografías | |
| 504 | _aIncluye bibliografías [p. 187-188] | ||
| 600 | 1 | 4 |
_aCOPÉRNICO, NICOLÁS, _d1473-1543 _941720 |
| 650 | 4 |
_aAstrónomos _zPolonia _xBiografías _941721 |
|
| 830 | 0 |
_aGrandes biografías _911230 |
|
| 049 | _aBNPD | ||
| 999 |
_c18951 _d18951 |
||